Online
Catalog

Kitâb al-hawâdit wa-l-bida'= El libro de las novedades y las innovaciones / (Record no. 41053)

MARC details
000 -CABECERA
campo de control de longitud fija 01012nam a2200229 a 4500
001 - NÚMERO DE CONTROL
campo de control 000041563
005 - FECHA Y HORA DE LA ÚLTIMA TRANSACCIÓN
campo de control 20201002035636.0
008 - DATOS DE LONGITUD FIJA--INFORMACIÓN GENERAL
campo de control de longitud fija 131011s1993 sp 001 0 spa d
020 ## - NÚMERO INTERNACIONAL ESTÁNDAR DEL LIBRO
Número Internacional Estándar del Libro 840007372X
040 ## - FUENTE DE LA CATALOGACIÓN
Centro catalogador/agencia de origen DO-SdBNP
Lengua de catalogación spa
Centro/agencia transcriptor BNPHU
082 ## - NÚMERO DE LA CLASIFICACIÓN DECIMAL DEWEY
Número de clasificación xxxxx
Número de documento/Ítem xxxxx
100 1# - ENTRADA PRINCIPAL--NOMBRE DE PERSONA
Nombre de persona Al-Turtûshî, Muhammad ibn al-Walid,
Fechas asociadas al nombre 1059 ó 60-1126 ó 7
9 (RLIN) 68310
245 10 - MENCIÓN DE TÍTULO
Título Kitâb al-hawâdit wa-l-bida'= El libro de las novedades y las innovaciones /
Mención de responsabilidad, etc. Abu Bakr al-Turtusi ; traducción y estudio, Maribel Fierro.
246 10 - FORMA VARIANTE DE TÍTULO
Título propio/Titulo breve El libro de las novedades y las innovaciones.
260 ## - PUBLICACIÓN, DISTRIBUCIÓN, ETC.
Lugar de publicación, distribución, etc. Madrid :
Nombre del editor, distribuidor, etc. Consejo Superior de Investigaciones Científicas,
-- Instituto de Cooperación con el Mundo Árabe,
Fecha de publicación, distribución, etc. 1993.
300 ## - DESCRIPCIÓN FÍSICA
Extensión 467 p. ;
Dimensiones 24 cm.
490 1# - MENCIÓN DE SERIE
Mención de serie Fuentes arábico-hispanas
Designación de volumen o secuencia 14
500 ## - NOTA GENERAL
Nota general Incluye referencias bibliográficas y notas al pie de las páginas
504 ## - NOTA DE BIBLIOGRAFÍA, ETC.
Nota de bibliografía, etc. Fuentes documentales y bibliográficas: p. 445-467
700 12 - PUNTO DE ACCESO ADICIONAL--NOMBRE DE PERSONA
Nombre de persona Fierro, Maribel
Término indicativo de función/relación tr.
9 (RLIN) 68311
830 #0 - PUNTO DE ACCESO ADICIONAL DE SERIE-TÍTULO UNIFORME
Título uniforme Fuentes arábico-hispanas ;
Número de parte o sección de la obra 14
9 (RLIN) 68312
Holdings
Estado de retiro Estado de pérdida Restricciones de uso No para préstamo Código de colección Localización permanente Ubicación/localización actual Ubicación en estantería Fecha de adquisición Número de inventario Total de préstamos Signatura topográfica completa Código de barras Fecha visto por última vez Precio válido a partir de Tipo de ítem Koha
      Excluido de préstamo Monografías: Libros y Folletos General General En catalogación 11.10.2013 LF1   xxxxx xxxxx 41563-10 25.06.2020 25.06.2020 No se presta

Powered by Koha